00897cam a22002532 450000100060000000300080000600500170001400800390003103500190007004000420008904100080013108200190013910000300015824500500018826000540023830000290029249000540032150400270037565000280040265100410043094200120047199900170048395201430050011528BD-RjUL20211208235136.0140127s1962 waua b s000 0 eng a(BD-RjUL)11577 aDLCcALKdDLCdOCLdEQOdBD-RjULbeng aeng00a309.17987bVAP1 aVanStone, James W.93565810aPoint Hope, an Eskimo village in transition / aSeattle :bUniversity of Washington Press,c1962. a177 p. :bill. ;c23 cm.0 aPublications of the American Ethnological Society aIncludes bibliography. 0aEskimoszAlaska.935659 0aNative Village of Point Hope.935660 2ddccBK c11528d11528 00102ddc40718NFICaRUCLbRUCLcReadingd1965-11-27eZeitlingerg42.00l0o309.17987 VAP 1962r2014-01-27 00:00:00tC-1w2014-01-27yBK